LIBRARY & INFORMATION CENTRE, KCAET, TAVANUR

ONLINE PUBLIC ACCESS CATALOGUE (OPAC)

Normal view MARC view
  • Axler,S.

Entry Personal Name

Number of records used in: 1

001 - CONTROL NUMBER

  • control field: 903

003 - CONTROL NUMBER IDENTIFIER

  • control field: OSt

005 - DATE AND TIME OF LATEST TRANSACTION

  • control field: 20160713160209.0

008 - FIXED-LENGTH DATA ELEMENTS

  • fixed length control field: 160713|| aca||aabn | a|a d

040 ## - CATALOGING SOURCE

  • Original cataloging agency: OSt
  • Transcribing agency: OSt

100 ## - HEADING--PERSONAL NAME

  • Personal name: Axler,S.

670 ## - SOURCE DATA FOUND

  • Source citation: Work cat.: (OSt): Chung,Kai Lai 901, Elementary Probability Theory: With Stochastic Processes and an Introduction to Mathematical Finance, 2013
free website counter